Encyclopedia of human resource development (set of 9 volumes)

Bibliographic Details
Main Author: Johnson, Barry
Format: Book
Published: Mumbai : Jaico Publishing House , 2004
Subjects:

MARC

LEADER 00000cam a2200000 7i4500
001 0000018208
005 20080612.0
008 080604
020 |a 8179921387 
090 0 0 |a 658.303   |b JOH 
100 1 |a Johnson, Barry 
245 1 0 |a Encyclopedia of human resource development (set of 9 volumes)   |c polarity management identifying and managing unsolvable problems, vol 4   |c Barry Johnson 
260 |a Mumbai :   |b Jaico Publishing House ,   |c 2004 
650 0 |a Human resource management   |x Encyclopedia and dictionary 
650 0 |a Personal management   |x Encyclopedia and dictionary 
999 |a 0001020382   |b Book   |c REFERENCE   |e Perbadanan Perpustakaan Awam Johor 
999 |a 0001020383   |b Book   |c Adult Collection   |e Cawangan Urban Transformation Centre